LEADER 01815nas a2200325 i 4500 001 000000000242 003 CaOOAMICUS 005 20230307121224.0 008 180830s18669999au zx u0 z|lat u 022 $a1816-3882 040 $aSeMil$bita 110 2 $aÖsterreichische Gesellschaft für Kirchenrecht .$0(OLS)http://semarc/name/2094 245 10$aCorpus scriptorum ecclesiasticorum latinorum$h[generale di collana] /$ceditum consilio et impensis Academiae Litterarum Cesareae Vindobonensis. 264 31$aBerlin ; Boston :$bDe Gruyter,$c2016- 264 1$aVindobonae :$bApud C. Geroldi,$c1866-2016. 300 $av. ;$c22-23 cm. 362 0 $a1866- 500 $aNel corso degli anni è stata pubblicata, sempre a Vienna, da diversi editori 500 $aDal 2016 l'Editore varia in: Berlin : Walter de Gruyter 500 $aL'Ente curatore varia in: Academiae Scientiarum Austriacae 500 $aA partire dal 2022 la collana pubblica come Extra seriem monografie sulla patristica latina e atti di congressi 830 0$aCorpus scriptorum ecclesiasticorum latinorum. Extra seriem.$0(OLS)http://semarc/title/443027 830 0$aCorpus scriptorum ecclesiasticorum latinorum.$0(OLS)http://semarc/title/405 850 $aSeMil 852 $aSeMil$W1$xVenegono$y1$mVedi "Titolo uniforme di collana" per le collocazioni dei singoli volumi$j222888$qSottoscrizione aperta$B240963$CSeMilBibl$Z2$F240963 $81 996 $6022$a1816-3882$9(OLS)http://semarc/number/295644 996 $6245$aCorpus scriptorum ecclesiasticorum latinorum$h[generale di collana]$9(OLS)http://semarc/title/406 996 $6264$aBerlin ; Boston :$bDe Gruyter$9(OLS)http://semarc/publisher/36449 996 $6264$aVindobonae :$bApud C. Geroldi$9(OLS)http://semarc/publisher/29773 LEADER 01570nam a2200289 i 4500 001 000000016054 003 CaOOAMICUS 005 20230912152955.0 008 180830s1995 it u000 u ita u 040 $aSeMil$bita 100 1 $aBuffoni, Stefania.$0(OLS)http://semarc/name/7421 245 13$aLa chiesa di Villa a Castiglione Olona :$bEchi Toscani in Lombardia /$cStudenti : Stefania Buffoni, Orietta Liccati ; Relatore : Prof. arch. Bruno Adorni. 260 $a[S.l. :$bs.n.],$c1995. 300 $a2 v. (690 c. :$bill.) ;$c31 cm. 500 $aContiene : Bibliografia consultata. - In testa al front : Politecnico di Milano, Facoltà di Architettura. - Ai pie' del front : Anno Accademico 1994/95. 600 14$aCastiglioni, Branda .$0(OLS)http://semarc/subject/2620 650 4$aCastiglione Olona - Chiese - Santissimo Corpo di Cristo .$0(OLS)http://semarc/subject/54352 650 4$aTesi di laurea.$0(OLS)http://semarc/subject/1690 650 4$aVecchietta .$0(OLS)http://semarc/subject/2621 650 4$aMasolino : da Panicale <1383-1440> - Affreschi - Castiglione Olona.$0(OLS)http://semarc/subject/2622 700 1 $aAdorni, Bruno.$0(OLS)http://semarc/name/7423 700 1 $aLiccati, Orietta.$0(OLS)http://semarc/name/7422 774 0 $tVol. 1.$w()44398 774 0 $tVol. 2.$w()151887 996 $6245$aLa chiesa di Villa a Castiglione Olona :$bEchi Toscani in Lombardia$9(OLS)http://semarc/title/21258 996 $6260$a[S.l. :$bs.n.]$9(OLS)http://semarc/publisher/29751